000 00595nam a2200241 a 4500
005 20140310183443.0
008 080919s19uu xx 00 eng d
020 _a9780071263917
050 _aHF 5415.13
_b.W245 2008
100 _aWalker, Orville C.
245 _aMarketing strategy.
250 _a6th ed.
260 _aBoston, U.S.A :
_bMcGraw-Hill,
_c2008.
300 _a346 p. :
_bill. ;
_c27 cm.
521 _aBSBA
650 _aMarketing.
700 _aMullins, John W.
942 _cBK
_2lcc
_kFOR
999 _c23190
_d23190